The library in the University : observations on a service / (Record no. 62255)

000 -LEADER
fixed length control field 00933cam a2200277 i 4500
001 - CONTROL NUMBER
control field 2310497
003 - CONTROL NUMBER IDENTIFIER
control field NUST-PNEC
005 - DATE AND TIME OF LATEST TRANSACTION
control field 20170116180743.0
008 - FIXED-LENGTH DATA ELEMENTS--GENERAL INFORMATION
fixed length control field 801007s1980 enk b 001 0 eng
010 ## - LIBRARY OF CONGRESS CONTROL NUMBER
LC control number 80501341
015 ## - NATIONAL BIBLIOGRAPHY NUMBER
National bibliography number GB***
020 ## - INTERNATIONAL STANDARD BOOK NUMBER
International Standard Book Number 0233972226 :
040 ## - CATALOGING SOURCE
Transcribing agency PNEC
050 00 - LIBRARY OF CONGRESS CALL NUMBER
Classification number Z675.U5
Item number H63 1980
082 00 - DEWEY DECIMAL CLASSIFICATION NUMBER
Classification number 027.7 HIG
Edition number 19
100 1# - MAIN ENTRY--PERSONAL NAME
Personal name Higham, Norman.
245 14 - TITLE STATEMENT
Title The library in the University : observations on a service /
Statement of responsibility, etc. Norman Higham.
260 ## - PUBLICATION, DISTRIBUTION, ETC.
Place of publication, distribution, etc. London :
Name of publisher, distributor, etc. A. Deutsch,
Date of publication, distribution, etc. 1980.
300 ## - PHYSICAL DESCRIPTION
Extent 205 p. ;
Dimensions 23 cm.
490 0# - SERIES STATEMENT
Series statement A Grafton book
504 ## - BIBLIOGRAPHY, ETC. NOTE
Bibliography, etc. note Includes bibliographical references and index.
650 #0 - SUBJECT ADDED ENTRY--TOPICAL TERM
Topical term or geographic name entry element Academic libraries
General subdivision Administration.
856 ## - ELECTRONIC LOCATION AND ACCESS
Uniform Resource Identifier <a href="http://www.amazon.com/Library-University-Grafton-Norman-Higham/dp/0233972226/ref=sr_1_1?s=books&ie=UTF8&qid=1420531017&sr=1-1&keywords=0233972226">http://www.amazon.com/Library-University-Grafton-Norman-Higham/dp/0233972226/ref=sr_1_1?s=books&ie=UTF8&qid=1420531017&sr=1-1&keywords=0233972226</a>
906 ## - LOCAL DATA ELEMENT F, LDF (RLIN)
a 7
b cbc
c orignew
d 4
e ncip
f 19
g y-gencatlg
942 ## - ADDED ENTRY ELEMENTS (KOHA)
Source of classification or shelving scheme
Koha item type Book
Holdings
Withdrawn status Lost status Source of classification or shelving scheme Damaged status Not for loan Permanent Location Current Location Shelving location Date acquired Source of acquisition Cost, normal purchase price Total Checkouts Full call number Barcode Date last seen Cost, replacement price Price effective from Koha item type
          Pakistan Navy Engineering College (PNEC) Pakistan Navy Engineering College (PNEC)   03/26/1984 Library / Reference Grant 0.00   027.7 HIG PNECLIB-008095 01/06/2015 0.00 03/26/1984 Book
© 2023 Central Library, National University of Sciences and Technology. All Rights Reserved.